Los planes de igualdad en tiempos de crisis Problemas de aplicacin̤ y carencias conceptuales /

Detalles Bibliográficos
Autor principal: Bodeln̤ Gonzl̀ez, Encarna
Formato: eBook
Lenguaje:español
Publicado: Madrid : Dykinson, 2013
Materias:
Acceso en línea:Acceso restringido

MARC

LEADER 00000nam a22000007a 4500
005 20131218171557.0
007 cr|||| ||||
008 131218s2013 sp |||||s|||| 00||0 spa d
020 |a 978-84-9031-696-2 
035 |a 11693 
040 |a vLex 
090 |c 4642  |d 4642 
100 1 |a Bodeln̤ Gonzl̀ez, Encarna 
245 1 4 |a Los planes de igualdad en tiempos de crisis  |h [Recurso electrn̤ico] :  |b Problemas de aplicacin̤ y carencias conceptuales /  |c Encarna Bodeln̤ Gonzl̀ez, Noelia Igareda 
256 |a Servicio en ln̕ea 
260 |a Madrid :  |b Dykinson,  |c 2013 
300 |a 1 recurso electrn̤ico 
506 1 |a Contenido solo disponible en los productos indicados  |d vLex Global  |d vLex Global (Academic Edition, excluding Law Schools)  |d vLex Global (U.S. Academic Edition, Law Schools)  |d vLex Global (U.S. Academic Edition, excluding Law Schools)  |d vLex Global (Academic Edition, Law Schools) 
650 0 4 |a Igualdad   |x Polt̕ica gubernamental  
740 0 |a vLex Libros (Servicio en ln̕ea) 
856 4 0 |u http://vlex.com/source/los-planes-igualdad-tiempos-crisis-11693  |z Acceso restringido 
942 |c BOOK 
999 0 |a Equality--Government policy